=LDR 00000nam 2200000 4500 =001 INLIS000000000011350 =005 20130612102925 =008 ***********************************Ind** =035 ##$$0010-061300000011350 =041 ##$$a Ind =082 ##$$a 320.5 =090 ##$$a 320.5, Geo i =100 ##$$a George, Vic =245 ##$$a Ideologi dan Kesejahtraan rakyat, Vie George,Paul wilding =260 ##$$a 1992 $b Jakarta =300 ##$$a XII,266 hlm., 21 cm =650 ##$$a Politik, Ilmu =850 ##$$a NBPNMAT